[Event "SRI-chT"]
[Site "Colombo"]
[Date "2023.07.31"]
[Round "7.2"]
[White "Ovitigala, Chenitha Mithvidu"]
[Black "Wijekoon, Chandana"]
[Result "0-1"]
[WhiteElo "1426"]
[BlackElo "1662"]
[PlyCount "80"]
[EventDate "2023.07.28"]
[EventType "team-tourn"]
[EventRounds "9"]
[EventCountry "SRI"]
[SourceTitle "CBM 215 Extra"]
[Source "ChessBase"]
[SourceDate "2023.09.30"]
[SourceVersion "1"]
[SourceVersionDate "2023.09.30"]
[SourceQuality "1"]
[WhiteTeam "Maroons CC"]
[BlackTeam "Sri Lanka Navy CC"]
[WhiteTeamCountry "SRI"]
[BlackTeamCountry "SRI"]

1. e4 e5 2. Nf3 Nc6 3. Bb5 a6 4. Ba4 d6 5. h3 b5 6. Bb3 Na5 7. c3 Nxb3 8. axb3 Nf6 9. d3 Be7 10. 0-0 0-0 11. Be3 c5 12. c4 b4 13. Nbd2 Ne8 14. Nh2 Bg5 15. f4 exf4 16. Bxf4 Bxf4 17. Rxf4 Qg5 18. Rf3 Nc7 19. Ndf1 Qe5 20. Ne3 Qxb2 21. Rb1 Qe5 22. Kh1 Bd7 23. Nhg4 Qe7 24. Qe1 a5 25. Qg3 Kh8 26. Rbf1 a4 27. e5 dxe5 28. Nxe5 f6 29. Ng6+ hxg6 30. Qxc7 Rac8 31. Qg3 Qf7 32. Nd5 axb3 33. Qh4+ Kg8 34. Rxf6 Qe6 35. Rxf8+ Rxf8 36. Ne7+ Qxe7 37. Qxe7 Rxf1+ 38. Kh2 b2 39. Qd8+ Rf8 40. Qxd7 b1Q 0-1

[Event "Veyangoda Queenstar op"]
[Site "Veyangoda"]
[Date "2023.04.20"]
[Round "8"]
[White "Galappaththi, Chinthaka Anuruddh"]
[Black "Wijekoon, Chandana"]
[Result "0-1"]
[WhiteElo "1974"]
[BlackElo "1772"]
[PlyCount "160"]
[EventDate "2023.04.16"]
[EventType "swiss"]
[EventRounds "9"]
[EventCountry "SRI"]
[SourceTitle "EXT 2024"]
[Source "ChessBase"]
[SourceDate "2023.10.10"]
[SourceVersion "1"]
[SourceVersionDate "2023.10.10"]
[SourceQuality "1"]

1. e4 e5 2. Nf3 Nc6 3. Bb5 a6 4. Ba4 d6 5. 0-0 Bd7 6. c3 g6 7. d4 Bg7 8. dxe5 dxe5 9. Na3 Nge7 10. Qe2 0-0 11. Rd1 Qe8 12. Bb3 h6 13. Be3 Kh7 14. Nc4 Be6 15. Bc5 b6 16. Ba3 Rg8 17. Ne3 Nc8 18. Nd5 Ra7 19. Rd2 f5 20. Rad1 f4 21. Bc4 Nb8 22. Nb4 a5 23. Bxe6 Qxe6 24. Nd3 c5 25. b3 g5 26. Nb2 Bf6 27. Qc4 Qe8 28. Rd5 g4 29. Ne1 h5 30. Qd3 h4 31. Nc4 Qh5 32. Nd6 Ne7 33. Nb5 Rb7 34. Rd6 Rg6 35. Qc4 Nc8 36. R6d3 f3 37. Qe6 Na7 38. Nxa7 Rxa7 39. Qxb6 Rag7 40. Rd6 g3 41. Rxf6 gxf2+ 42. Kxf2 fxg2 43. Nf3 Nd7 44. Rxd7 g1Q+ 45. Nxg1 Rg2+ 46. Ke3 Qg5+ 47. Kf3 Rxd7 48. Rh6+ Kg8 49. Qb8+ Rd8 50. Rg6+ Qxg6 51. Qxd8+ Kg7 52. Qe7+ Kg8 53. Qd8+ Kg7 54. Qd7+ Kg8 55. Bxc5 Rxh2 56. Qc8+ Kh7 57. Qd7+ Kg8 58. Qc8+ Kg7 59. Qf8+ Kh7 60. Qf5 Rxa2 61. Nh3 Qxf5+ 62. exf5 Rb2 63. Ng5+ Kg7 64. Be7 Rxb3 65. f6+ Kg6 66. f7 Rxc3+ 67. Kg4 Rc4+ 68. Kh3 Rf4 69. f8Q Rxf8 70. Bxf8 Kxg5 71. Be7+ Kf4 72. Bxh4 Kf3 73. Kh2 a4 74. Be7 e4 75. Kg1 Ke2 76. Kg2 e3 77. Bc5 Kd2 78. Bb4+ Kd1 79. Kf3 e2 80. Kf2 a3 0-1

[Event "Veyangoda Queenstar op"]
[Site "Veyangoda"]
[Date "2023.04.18"]
[Round "4"]
[White "Induwara, THD Thisarindu"]
[Black "Wijekoon, Chandana"]
[Result "0-1"]
[WhiteElo "1444"]
[BlackElo "1772"]
[PlyCount "113"]
[EventDate "2023.04.16"]
[EventType "swiss"]
[EventRounds "9"]
[EventCountry "SRI"]
[SourceTitle "EXT 2024"]
[Source "ChessBase"]
[SourceDate "2023.10.10"]
[SourceVersion "1"]
[SourceVersionDate "2023.10.10"]
[SourceQuality "1"]

1. e4 d5 2. exd5 Qxd5 3. Nc3 Qd6 4. d4 Nf6 5. Nf3 a6 6. g3 g6 7. Bg2 Bg7 8. 0-0 0-0 9. Bf4 Qd8 10. Qd2 c6 11. Rad1 Be6 12. Rfe1 Bd5 13. Nxd5 cxd5 14. Ne5 Nc6 15. Bg5 Rc8 16. a3 Na5 17. Bh3 Nc4 18. Qe2 e6 19. Ng4 h5 20. Ne5 Qd6 21. Bf4 Qb6 22. c3 Nxe5 23. Bxe5 a5 24. Bf1 Nd7 25. Bf4 Bf6 26. Qc2 Bxd4 27. Bh3 Kh7 28. Re2 Bg7 29. Rde1 Rfe8 30. Qd3 Nf8 31. Be5 Bxe5 32. Rxe5 Qxb2 33. Rb1 Qxc3 34. Qxc3 Rxc3 35. Rxb7 Kg8 36. Re3 Rec8 37. Rb3 Rxb3 38. Rxb3 Nd7 39. Bf1 Rc5 40. Rb5 Rxb5 41. Bxb5 Nb6 42. Kf1 e5 43. Ke2 f6 44. f4 Kf7 45. Ke3 Nc4+ 46. Kd3 Nxa3 47. Bc6 Ke6 48. Be8 g5 49. Bxh5 gxf4 50. gxf4 e4+ 51. Kd4 Nc2+ 52. Kc3 Ne3 53. Kd2 d4 54. Be8 Kf5 55. h4 Kxf4 56. h5 Nf5 57. Bb5 0-1

[Event "SRI-chB"]
[Site "Colombo"]
[Date "2023.03.06"]
[Round "6"]
[White "Wijekoon, Chandana"]
[Black "Wimalarathne, KG."]
[Result "1-0"]
[WhiteElo "1772"]
[BlackElo "1438"]
[PlyCount "71"]
[EventDate "2023.03.04"]
[EventType "swiss"]
[EventRounds "11"]
[EventCountry "SRI"]
[SourceTitle "CBM 213 Extra"]
[Source "ChessBase"]
[SourceDate "2023.05.31"]
[SourceVersion "1"]
[SourceVersionDate "2023.05.31"]
[SourceQuality "1"]

1. d4 d5 2. c4 c6 3. Nf3 Nf6 4. Qc2 Bg4 5. Nbd2 e6 6. e3 Bd6 7. Be2 Nbd7 8. 0-0 0-0 9. b3 Re8 10. Bb2 Rc8 11. e4 dxe4 12. Nxe4 Nxe4 13. Qxe4 Bf5 14. Qe3 Nf6 15. Rad1 Qc7 16. h3 Bf4 17. Qc3 Ne4 18. Qe1 Bg6 19. Nh4 Rcd8 20. Nxg6 hxg6 21. Bf3 Nf6 22. g3 Bd6 23. Kg2 a6 24. Qd2 Rd7 25. Qc2 Rdd8 26. h4 e5 27. c5 Be7 28. dxe5 Nd7 29. e6 Nxc5 30. exf7+ Kxf7 31. h5 Kf8 32. Qxg6 Bd6 33. h6 gxh6 34. Qxh6+ Kg8 35. Qh8+ Kf7 36. Qg7+ 1-0

[Event "SRI-chB"]
[Site "Colombo"]
[Date "2023.03.05"]
[Round "3"]
[White "Hendavitharana, DS."]
[Black "Wijekoon, Chandana"]
[Result "0-1"]
[WhiteElo "1447"]
[BlackElo "1772"]
[PlyCount "140"]
[EventDate "2023.03.04"]
[EventType "swiss"]
[EventRounds "11"]
[EventCountry "SRI"]
[SourceTitle "CBM 213 Extra"]
[Source "ChessBase"]
[SourceDate "2023.05.31"]
[SourceVersion "1"]
[SourceVersionDate "2023.05.31"]
[SourceQuality "1"]

1. e4 d5 2. exd5 Qxd5 3. Nc3 Qd6 4. d4 Nf6 5. Nf3 a6 6. g3 g6 7. Bg2 Bg7 8. 0-0 0-0 9. Re1 c6 10. Bf4 Qd8 11. Qe2 Re8 12. Rad1 Nbd7 13. Ne5 Nb6 14. Qd2 Nbd5 15. Nxd5 cxd5 16. Bh6 Bxh6 17. Qxh6 Qa5 18. Qd2 Qc7 19. c3 Bf5 20. Qf4 Rac8 21. Nd3 Qc4 22. Nb4 Qb5 23. Bf1 Qb6 24. Bd3 Be6 25. Bb1 Qc7 26. Qxc7 Rxc7 27. Nd3 Bf5 28. Nc5 Bxb1 29. Rxb1 Nd7 30. Nxd7 Rxd7 31. f4 h5 32. Kf2 e6 33. Kf3 Kg7 34. Re2 b5 35. a3 Rc8 36. Ke3 a5 37. Kd3 Rb7 38. b4 axb4 39. Rxb4 Ra8 40. Rb3 Rba7 41. Ra2 Kf6 42. Ke3 Ke7 43. Ke2 Ra5 44. Ke3 Kd6 45. Kd3 Kc6 46. Ke3 Ra4 47. Kd3 R8a5 48. Ke3 Kd6 49. Kd3 f6 50. Ra1 e5 51. fxe5+ fxe5 52. dxe5+ Kxe5 53. Re1+ Kf5 54. Ra1 Kg4 55. Rb4+ Kh3 56. Ra2 g5 57. Kd4 Rxa3 58. Rxa3 Rxa3 59. Rxb5 Ra4+ 60. Rb4 Ra2 61. Rb5 Kxh2 62. Ke3 Rg2 63. Rxd5 Rxg3+ 64. Kf2 h4 65. c4 g4 66. c5 Rc3 67. Rg5 g3+ 68. Kf1 h3 69. Ke2 g2 70. Kf2 Rc2+ 0-1

[Event "Delkanda Inter Club-chT"]
[Site "Delkanda"]
[Date "2021.03.01"]
[Round "8.2"]
[White "Wijekoon, Chandana"]
[Black "Lamahewa, C."]
[Result "1/2-1/2"]
[WhiteElo "1830"]
[BlackElo "1840"]
[PlyCount "98"]
[EventDate "2021.02.26"]
[EventType "team-tourn"]
[EventRounds "9"]
[EventCountry "SRI"]
[SourceTitle "EXT 2022"]
[Source "ChessBase"]
[SourceDate "2021.10.06"]
[SourceVersion "1"]
[SourceVersionDate "2021.10.06"]
[SourceQuality "1"]
[WhiteTeam "Sri Lanka Navy CC"]
[BlackTeam "Anandians CC"]
[WhiteTeamCountry "SRI"]
[BlackTeamCountry "SRI"]

1. Nf3 d6 2. c4 g6 3. g3 b6 4. Bg2 Bb7 5. 0-0 Bg7 6. d4 Nf6 7. b4 0-0 8. Bb2 a5 9. bxa5 Rxa5 10. Nbd2 Nbd7 11. Nb3 Ra7 12. d5 Qa8 13. Qc2 Nc5 14. Nfd2 e5 15. Nxc5 bxc5 16. a4 Bc8 17. Bc3 Bd7 18. a5 Rb8 19. e4 Ne8 20. h4 c6 21. f4 exf4 22. Rxf4 Be5 23. Bxe5 dxe5 24. Rf2 Rxa5 25. Raf1 f6 26. Nb3 Ra3 27. Nxc5 Bg4 28. Nd3 Rbb3 29. Nxe5 Rxg3 30. Nxc6 Bh3 31. e5 Bxg2 32. Rxg2 Ra2 33. Qxa2 Qxa2 34. Rxg3 fxe5 35. Nxe5 Qe2 36. Nd3 Qe7 37. Re1 Qd7 38. Ne5 Qa7+ 39. Rge3 Nd6 40. Nc6 Qc5 41. Kg2 Qxc4 42. Ne7+ Kg7 43. Kh3 Qf4 44. R1e2 Nc4 45. Re4 Qf3+ 46. Kh2 Nd6 47. Re6 Qg4 48. R6e3 Qf3 49. Re6 Qg4 1/2-1/2

[Event "Delkanda Inter Club-chT"]
[Site "Delkanda"]
[Date "2021.03.01"]
[Round "7.1"]
[White "Wijekoon, Chandana"]
[Black "Peiris, TGM"]
[Result "1/2-1/2"]
[WhiteElo "1830"]
[BlackElo "1919"]
[PlyCount "96"]
[EventDate "2021.02.26"]
[EventType "team-tourn"]
[EventRounds "9"]
[EventCountry "SRI"]
[SourceTitle "EXT 2022"]
[Source "ChessBase"]
[SourceDate "2021.10.06"]
[SourceVersion "1"]
[SourceVersionDate "2021.10.06"]
[SourceQuality "1"]
[WhiteTeam "Sri Lanka Navy CC"]
[BlackTeam "Super Knight CC"]
[WhiteTeamCountry "SRI"]
[BlackTeamCountry "SRI"]

1. e4 e5 2. Nf3 Nc6 3. d4 exd4 4. Nxd4 Nf6 5. Nc3 Bb4 6. Nxc6 bxc6 7. Bd3 d5 8. exd5 cxd5 9. 0-0 0-0 10. Bg5 c6 11. h3 h6 12. Bh4 Be7 13. Re1 Rb8 14. Rb1 Rb4 15. Bg3 Bd6 16. a3 Rb7 17. Qf3 Re7 18. Rxe7 Qxe7 19. Bxd6 Qxd6 20. Re1 Be6 21. Nd1 c5 22. g4 d4 23. Qe2 Qf4 24. Qe5 Qf3 25. Qg3 Qxg3+ 26. fxg3 c4 27. Bf1 Rb8 28. Re5 Rc8 29. Kf2 Kf8 30. Ke1 Ke7 31. Ra5 Rc7 32. Bg2 Kd6 33. Nf2 Bd5 34. Bxd5 Nxd5 35. Kd2 Ke5 36. b3 cxb3 37. cxb3 Rc3 38. Nd3+ Ke4 39. Nc5+ Kf3 40. Na4 Rxb3 41. Rxd5 Rxa3 42. Rf5+ Kxg3 43. Nc5 Kxh3 44. Rxf7 g5 45. Rf6 Kxg4 46. Rxh6 Kf5 47. Ne6 d3 48. Nc5 Ke5 1/2-1/2

[Event "Nugegoda Sri Lanka GP 7th"]
[Site "Nugegoda"]
[Date "2020.07.18"]
[Round "9"]
[White "Wijekoon, Chandana"]
[Black "De Silva, Elath Mathanga"]
[Result "0-1"]
[WhiteElo "1912"]
[BlackElo "1815"]
[PlyCount "104"]
[EventDate "2020.07.11"]
[EventType "tourn"]
[EventRounds "11"]
[EventCountry "SRI"]
[SourceTitle "EXT 2021"]
[Source "ChessBase"]
[SourceDate "2020.10.23"]
[SourceVersion "1"]
[SourceVersionDate "2020.10.23"]
[SourceQuality "1"]

1. e4 c5 2. Nf3 g6 3. d4 cxd4 4. Nxd4 Bg7 5. Nc3 Nc6 6. Nde2 d6 7. g3 Bg4 8. Bg2 Nf6 9. 0-0 Qd7 10. f3 Be6 11. Nf4 0-0 12. Nfd5 Rfc8 13. Bg5 Bxd5 14. Nxd5 Nxd5 15. exd5 Ne5 16. c3 h6 17. Be3 Qb5 18. Bd4 Rc7 19. f4 Nd7 20. Bxg7 Kxg7 21. Qd2 Nf6 22. f5 g5 23. Rae1 Qc5+ 24. Kh1 Rac8 25. h4 g4 26. Rf4 b5 27. h5 Rg8 28. Rd4 Kh7 29. Be4 Rg5 30. Kg2 Rxh5 31. Bc2 Kg7 32. Re3 a5 33. a3 Rg5 34. Re1 Rh5 35. Qd3 Rg5 36. Rh1 Nd7 37. Rh4 Nf6 38. Qd1 b4 39. axb4 axb4 40. c4 Ra7 41. Qd3 Ra1 42. Rh1 Rxh1 43. Kxh1 Qa7 44. Kg2 Qa1 45. Qb3 Qe1 46. Rd1 Qe2+ 47. Kg1 Rh5 48. Qd3 Qh2+ 49. Kf1 Qh1+ 50. Ke2 Rh2+ 51. Ke3 Qf3+ 52. Kd4 Qf2+ 0-1

[Event "Nugegoda Sri Lanka GP 7th"]
[Site "Nugegoda"]
[Date "2020.07.11"]
[Round "2"]
[White "Doluweera, Minul Sanjula"]
[Black "Wijekoon, Chandana"]
[Result "1-0"]
[WhiteElo "2172"]
[BlackElo "1912"]
[PlyCount "66"]
[EventDate "2020.07.11"]
[EventType "tourn"]
[EventRounds "11"]
[EventCountry "SRI"]
[SourceTitle "EXT 2021"]
[Source "ChessBase"]
[SourceDate "2020.10.23"]
[SourceVersion "1"]
[SourceVersionDate "2020.10.23"]
[SourceQuality "1"]

1. d4 Nf6 2. Nf3 c5 3. e3 e6 4. c4 d5 5. Nc3 Nc6 6. a3 cxd4 7. exd4 dxc4 8. Bxc4 Be7 9. 0-0 0-0 10. Re1 a6 11. Qd3 b5 12. Bb3 Bb7 13. Bc2 Qb6 14. Bg5 g6 15. Rad1 Rfd8 16. h4 Rd7 17. Bxf6 Bxf6 18. Ne4 Be7 19. Qe3 Rad8 20. Qh6 f5 21. Nc5 Bxc5 22. dxc5 Qxc5 23. Rxd7 Rxd7 24. Bb3 Nd8 25. Rxe6 Bd5 26. Bxd5 Rxd5 27. Re8+ Kf7 28. Rh8 Rd1+ 29. Kh2 Qc7+ 30. g3 Kf6 31. Rxh7 Nf7 32. Qg7+ Ke6 33. Qxg6+ Kd5 1-0

[Event "SRI-chB"]
[Site "Maharaga"]
[Date "2020.03.07"]
[Round "3.9"]
[White "Sandaruwan, AMTP"]
[Black "Wijekoon, Chandana"]
[Result "1/2-1/2"]
[WhiteElo "1814"]
[BlackElo "1922"]
[PlyCount "77"]
[EventDate "2020.03.06"]
[EventType "swiss"]
[EventRounds "11"]
[EventCountry "SRI"]
[SourceTitle "CBM 195 Extra"]
[Source "ChessBase"]
[SourceDate "2020.05.31"]
[SourceVersion "1"]
[SourceVersionDate "2020.05.31"]
[SourceQuality "1"]

1. Nf3 d5 2. g3 Nf6 3. d4 g6 4. Bg2 Bg7 5. c4 dxc4 6. Qa4+ Bd7 7. Qxc4 Bc6 8. Nc3 0-0 9. 0-0 e6 10. Bg5 Bxf3 11. Bxf3 c6 12. Rfd1 Nbd7 13. e4 Qa5 14. Bd2 Qc7 15. Be3 Rac8 16. Rac1 Qb8 17. Qb3 b6 18. a4 c5 19. d5 Ne5 20. Be2 exd5 21. Nxd5 Nc6 22. Nxf6+ Bxf6 23. Rd7 Rcd8 24. Qd5 Ne5 25. Rxd8 Rxd8 26. Qb3 Nc6 27. Bc4 Qc7 28. Bd5 Nd4 29. Bxd4 Bxd4 30. Qc4 Qe7 31. Kg2 Kg7 32. f4 h5 33. Rf1 Rd7 34. f5 Qg5 35. Qe2 Qe3 36. Qxe3 Bxe3 37. fxg6 fxg6 38. b3 Bd4 39. Rf3 1/2-1/2

[Event "Asian Cities-chT"]
[Site "Dhaka"]
[Date "2019.07.17"]
[Round "9.1"]
[White "Mousavi, Seyed Khalil"]
[Black "Wijekoon, Chandana"]
[Result "1-0"]
[WhiteElo "2492"]
[BlackElo "1924"]
[PlyCount "31"]
[EventDate "2019.07.10"]
[EventType "team-swiss"]
[EventRounds "9"]
[EventCountry "BAN"]
[SourceTitle "EXT 2020"]
[Source "ChessBase"]
[SourceDate "2019.10.17"]
[SourceVersion "1"]
[SourceVersionDate "2019.10.17"]
[SourceQuality "1"]
[WhiteTeam "Tehran"]
[BlackTeam "Colombo"]
[WhiteTeamCountry "IRI"]
[BlackTeamCountry "SRI"]

1. c4 e5 2. Nc3 Nf6 3. Nf3 Nc6 4. e4 Bb4 5. d3 Bxc3+ 6. bxc3 h6 7. g3 d6 8. Bg2 0-0 9. 0-0 Nh7 10. Nh4 Ne7 11. f4 exf4 12. gxf4 f5 13. exf5 Nxf5 14. Bd5+ Rf7 15. Bxf7+ Kxf7 16. Qh5+ 1-0

[Event "Asian Cities-chT"]
[Site "Dhaka"]
[Date "2019.07.15"]
[Round "7.6"]
[White "Shrestha, Sujendra Prasad"]
[Black "Wijekoon, Chandana"]
[Result "1-0"]
[WhiteElo "1853"]
[BlackElo "1924"]
[PlyCount "67"]
[EventDate "2019.07.10"]
[EventType "team-swiss"]
[EventRounds "9"]
[EventCountry "BAN"]
[SourceTitle "EXT 2020"]
[Source "ChessBase"]
[SourceDate "2019.10.17"]
[SourceVersion "1"]
[SourceVersionDate "2019.10.17"]
[SourceQuality "1"]
[WhiteTeam "Kathmandu"]
[BlackTeam "Colombo"]
[WhiteTeamCountry "NEP"]
[BlackTeamCountry "SRI"]

1. e4 e6 2. Nc3 d5 3. d4 Bb4 4. exd5 exd5 5. Nf3 Nc6 6. h3 Bf5 7. Bd3 Nge7 8. 0-0 0-0 9. Bg5 f6 10. Be3 Qd7 11. Nh4 Bxc3 12. Nxf5 Nxf5 13. bxc3 Nd6 14. Qh5 f5 15. Bf4 Ne4 16. Rab1 b6 17. f3 g6 18. Qh4 Nd6 19. Rbe1 Rfe8 20. g4 fxg4 21. hxg4 Rxe1 22. Qxe1 Re8 23. Qg3 Na5 24. Re1 Nac4 25. Be5 Nb2 26. f4 Nxd3 27. cxd3 h6 28. Kf2 Kh7 29. Rh1 Nf7 30. Qf3 Rf8 31. g5 Nxg5 32. Rxh6+ Kxh6 33. fxg5+ Kxg5 34. Qxf8 1-0

[Event "Asian Cities-chT"]
[Site "Dhaka"]
[Date "2019.07.11"]
[Round "2.5"]
[White "Wijekoon, Chandana"]
[Black "Wasif, Zenobia"]
[Result "1-0"]
[WhiteElo "1924"]
[BlackElo "1587"]
[PlyCount "53"]
[EventDate "2019.07.10"]
[EventType "team-swiss"]
[EventRounds "9"]
[EventCountry "BAN"]
[SourceTitle "EXT 2020"]
[Source "ChessBase"]
[SourceDate "2019.10.17"]
[SourceVersion "1"]
[SourceVersionDate "2019.10.17"]
[SourceQuality "1"]
[WhiteTeam "Colombo"]
[BlackTeam "Pakpattan City"]
[WhiteTeamCountry "SRI"]
[BlackTeamCountry "PAK"]

1. d4 Nf6 2. c4 g6 3. Nc3 Bg7 4. e4 d6 5. f4 e6 6. Nf3 Nc6 7. Be2 0-0 8. 0-0 a6 9. Qe1 e5 10. fxe5 dxe5 11. d5 Nd4 12. Bd3 Nh5 13. Nxd4 exd4 14. Ne2 c5 15. Ng3 Qh4 16. Nxh5 Qxh5 17. Bf4 g5 18. Bd6 Re8 19. Qg3 b6 20. Rae1 f6 21. e5 fxe5 22. Bxe5 Bd7 23. Bxg7 Kxg7 24. Qc7 Rad8 25. Bf5 Qf7 26. Be6 Qg6 27. Qe5+ 1-0

[Event "SRI-ch"]
[Site "Nugegoda"]
[Date "2019.07.07"]
[Round "11"]
[White "Wijekoon, Chandana"]
[Black "Lamahewa, C."]
[Result "0-1"]
[WhiteElo "1889"]
[BlackElo "1829"]
[PlyCount "78"]
[EventDate "2019.06.29"]
[EventType "tourn"]
[EventRounds "13"]
[EventCountry "SRI"]
[SourceTitle "EXT 2020"]
[Source "ChessBase"]
[SourceDate "2019.10.17"]
[SourceVersion "1"]
[SourceVersionDate "2019.10.17"]
[SourceQuality "1"]

1. d4 Nf6 2. c4 e6 3. Nf3 Be7 4. Nc3 d5 5. Bg5 0-0 6. e3 h6 7. Bh4 Ne4 8. Bxe7 Qxe7 9. Rc1 Nxc3 10. Rxc3 dxc4 11. Bxc4 b6 12. Qe2 Bb7 13. 0-0 Rc8 14. Rfc1 c5 15. Bd3 Nd7 16. Ba6 Nf6 17. Bxb7 Qxb7 18. R3c2 cxd4 19. Nxd4 Rxc2 20. Qxc2 Rd8 21. b4 b5 22. Kf1 Qd5 23. Qe2 a6 24. Rc5 Qe4 25. Qc2 Qg4 26. h3 Qh4 27. Rc6 e5 28. Nf3 Qxb4 29. Rxa6 Qe7 30. Rc6 e4 31. Nd4 Qe5 32. Kg1 Rd5 33. Rc7 Qh5 34. Qc6 Rg5 35. Qa8+ Kh7 36. Qc8 Qd1+ 37. Kh2 Qf1 38. g4 Qxf2+ 39. Kh1 Qxe3 0-1

[Event "Nugegoda GP 6th"]
[Site "Nugegoda"]
[Date "2019.05.31"]
[Round "6"]
[White "Priyankara, Chamil Y"]
[Black "Wijekoon, Chandana"]
[Result "1-0"]
[WhiteElo "1986"]
[BlackElo "1913"]
[PlyCount "87"]
[EventDate "2019.05.25"]
[EventType "tourn"]
[EventRounds "11"]
[EventCountry "SRI"]
[SourceTitle "CBM 190 Extra"]
[Source "ChessBase"]
[SourceDate "2019.07.15"]
[SourceVersion "1"]
[SourceVersionDate "2019.07.15"]
[SourceQuality "1"]

1. d4 d5 2. Bg5 Nd7 3. e4 dxe4 4. Nc3 Ngf6 5. Bc4 Nb6 6. Bb3 Bg4 7. Qd2 Qd7 8. Qf4 0-0-0 9. a4 Be6 10. a5 Nbd5 11. Nxd5 Nxd5 12. Qxe4 a6 13. Nf3 Bf5 14. Qe2 f6 15. Bd2 e6 16. Nh4 Bg6 17. Nxg6 hxg6 18. 0-0 Bd6 19. h3 Rde8 20. Rfe1 c6 21. c4 Nc7 22. Bc2 f5 23. b4 e5 24. d5 cxd5 25. Ba4 Qe6 26. c5 Be7 27. Bxe8 Nxe8 28. c6 Nc7 29. cxb7+ Kxb7 30. Bc3 e4 31. b5 Nxb5 32. Rab1 Qc6 33. Bxg7 Rc8 34. Bh6 g5 35. Qh5 Qf6 36. h4 gxh4 37. Bf4 d4 38. Rec1 Bc5 39. Qh7+ Ka8 40. Rxc5 Rxc5 41. Qg8+ Kb7 42. Qb8+ Kc6 43. Qb6+ Kd5 44. Qxf6 1-0

[Event "Nugegoda GP 6th"]
[Site "Nugegoda"]
[Date "2019.05.26"]
[Round "3"]
[White "Wijekoon, Chandana"]
[Black "Galappaththi, Chinthaka Anuruddh"]
[Result "1-0"]
[WhiteElo "1913"]
[BlackElo "2077"]
[PlyCount "138"]
[EventDate "2019.05.25"]
[EventType "tourn"]
[EventRounds "11"]
[EventCountry "SRI"]
[SourceTitle "CBM 190 Extra"]
[Source "ChessBase"]
[SourceDate "2019.07.15"]
[SourceVersion "1"]
[SourceVersionDate "2019.07.15"]
[SourceQuality "1"]

1. Nf3 d5 2. d4 Nf6 3. Bf4 c5 4. e3 Nc6 5. c3 Qb6 6. Qb3 c4 7. Qxb6 axb6 8. Nbd2 b5 9. Be2 b4 10. cxb4 Nxb4 11. 0-0 Bf5 12. a3 Nd3 13. Bxd3 Bxd3 14. Rfc1 Ne4 15. Nxe4 Bxe4 16. Nd2 Bd3 17. e4 e6 18. Re1 dxe4 19. Nxe4 0-0-0 20. Nd2 Rxd4 21. Be3 Rd6 22. Rec1 Rc6 23. Nf3 Bc5 24. Ne5 Bxe3 25. fxe3 Rc7 26. Rc3 Rd8 27. Rac1 Kb8 28. b3 Rd5 29. Nxc4 Bxc4 30. bxc4 Rdc5 31. Kf2 b5 32. Rb1 Kc8 33. Ke2 bxc4 34. Rb6 Kd7 35. h3 Ke7 36. Kd2 Kf6 37. Ke2 Kg5 38. a4 Kh4 39. e4 Kg5 40. Ke3 e5 41. g3 h5 42. Rb5 h4 43. g4 f6 44. Rxc5 Rxc5 45. Rc2 Rc6 46. Rc3 g6 47. Rc2 Rc5 48. Rc3 Kh6 49. Rc2 Kg5 50. Rc3 f5 51. gxf5 gxf5 52. exf5 Kxf5 53. Rc2 Rc7 54. a5 Rg7 55. Rxc4 Rg3+ 56. Kf2 Rxh3 57. Ra4 Rg3 58. a6 Rg8 59. Rxh4 Kg5 60. Rc4 Rg6 61. Ra4 Rg8 62. Ke3 Kf5 63. a7 Ra8 64. Ra6 e4 65. Kd4 Rd8+ 66. Kc5 Ra8 67. Kd4 Rd8+ 68. Ke3 Ra8 69. Ra4 Ke5 1-0

[Event "Negambo op 4th"]
[Site "Negambo"]
[Date "2018.08.18"]
[Round "6"]
[White "Sandaruwan, MG Ravindu"]
[Black "Wijekoon, Chandana"]
[Result "0-1"]
[WhiteElo "1258"]
[BlackElo "1980"]
[PlyCount "46"]
[EventDate "2018.08.16"]
[EventType "swiss"]
[EventRounds "10"]
[EventCountry "SRI"]
[SourceTitle "CBM 186 Extra"]
[Source "ChessBase"]
[SourceDate "2018.08.24"]
[SourceVersion "1"]
[SourceVersionDate "2018.08.24"]
[SourceQuality "1"]

1. d4 d5 2. Nf3 c5 3. e3 Nc6 4. b3 cxd4 5. Nxd4 e5 6. Nxc6 bxc6 7. Bb2 Bd6 8. Nd2 Nf6 9. c4 Qe7 10. Qc2 0-0 11. a3 a5 12. Be2 e4 13. h3 Be6 14. g4 Nd7 15. h4 Ne5 16. Qc3 f5 17. gxf5 Rxf5 18. Bf1 Rf7 19. Qc2 Ng4 20. Be2 Nxf2 21. Rg1 Qxh4 22. Kf1 Nd3+ 23. Bf3 Qf2# 0-1

[Event "SRI-ch"]
[Site "Colombo"]
[Date "2018.05.13"]
[Round "13"]
[White "Jayawardana, Lasal"]
[Black "Wijekoon, Chandana"]
[Result "1/2-1/2"]
[WhiteElo "1909"]
[BlackElo "1943"]
[PlyCount "69"]
[EventDate "2018.05.04"]
[EventType "tourn"]
[EventRounds "13"]
[EventCountry "SRI"]
[SourceTitle "CBM 184 Extra"]
[Source "ChessBase"]
[SourceDate "2018.06.28"]
[SourceVersion "1"]
[SourceVersionDate "2018.06.28"]
[SourceQuality "1"]

1. e4 d5 2. exd5 Qxd5 3. Nc3 Qd6 4. d4 Nf6 5. Nf3 a6 6. g3 b5 7. Bg2 Bb7 8. 0-0 e6 9. Bf4 Qb6 10. a4 Bd6 11. Be3 Ng4 12. Ng5 Bxg2 13. Kxg2 Qb7+ 14. Qf3 Qxf3+ 15. Nxf3 b4 16. Ne4 Nxe3+ 17. fxe3 0-0 18. Rf2 Nd7 19. a5 Rab8 20. Raf1 f6 21. Nfd2 Be7 22. Nb3 Rfc8 23. Rd1 f5 24. Ned2 c5 25. dxc5 Bxc5 26. Ne4 Bxe3 27. Re2 fxe4 28. Rxd7 Bg5 29. Nd4 Bf6 30. Nxe6 Bxb2 31. Rd6 Bc3 32. Rxe4 b3 33. cxb3 Rxb3 34. Rd7 Bf6 35. Nxg7 1/2-1/2

[Event "SRI-ch"]
[Site "Colombo"]
[Date "2018.05.11"]
[Round "9"]
[White "Danushka, MAN"]
[Black "Wijekoon, Chandana"]
[Result "0-1"]
[WhiteElo "1883"]
[BlackElo "1943"]
[PlyCount "67"]
[EventDate "2018.05.04"]
[EventType "tourn"]
[EventRounds "13"]
[EventCountry "SRI"]
[SourceTitle "CBM 184 Extra"]
[Source "ChessBase"]
[SourceDate "2018.06.28"]
[SourceVersion "1"]
[SourceVersionDate "2018.06.28"]
[SourceQuality "1"]

1. e4 d5 2. exd5 Qxd5 3. Nc3 Qd6 4. d4 Nf6 5. Nf3 a6 6. g3 g6 7. Bg2 Bg7 8. Bf4 Qd8 9. Qd2 Nbd7 10. 0-0-0 Nb6 11. Ne5 c6 12. Bh6 0-0 13. h4 Nbd7 14. Nxd7 Bxd7 15. h5 Qa5 16. hxg6 fxg6 17. Bxg7 Kxg7 18. Qh6+ Kg8 19. f3 Rf7 20. Kb1 Rd8 21. Ne4 Be6 22. b3 Bf5 23. Nxf6+ exf6 24. g4 Bxc2+ 25. Kb2 Bxd1 26. Rxd1 Qd5 27. Qh1 Re7 28. Bf1 b5 29. a4 Qg5 30. Qg1 Kg7 31. Bd3 bxa4 32. Bc4 axb3 33. Qg3 Qa5 34. Bxb3 0-1

[Event "SRI-ch"]
[Site "Colombo"]
[Date "2018.05.11"]
[Round "8"]
[White "Wijekoon, Chandana"]
[Black "Doluweera, Minul Sanjula"]
[Result "0-1"]
[WhiteElo "1943"]
[BlackElo "2254"]
[PlyCount "20"]
[EventDate "2018.05.04"]
[EventType "tourn"]
[EventRounds "13"]
[EventCountry "SRI"]
[SourceTitle "CBM 184 Extra"]
[Source "ChessBase"]
[SourceDate "2018.06.28"]
[SourceVersion "1"]
[SourceVersionDate "2018.06.28"]
[SourceQuality "1"]

1. d4 Nf6 2. c4 e6 3. Nf3 d5 4. g3 Bb4+ 5. Nbd2 dxc4 6. Qc2 b5 7. Bg2 Bb7 8. 0-0 0-0 9. b3 c3 10. Nb1 Be4 0-1